Kajian dalam biologi : (Record no. 2425)

000 -LEADER
fixed length control field nam a22 a 4500
003 - CONTROL NUMBER IDENTIFIER
control field AKMAL
005 - DATE AND TIME OF LATEST TRANSACTION
control field 20170516122359.0
008 - FIXED-LENGTH DATA ELEMENTS--GENERAL INFORMATION
fixed length control field 170516s1989 my a00 may d
020 ## - INTERNATIONAL STANDARD BOOK NUMBER
International Standard Book Number 983620816X
040 ## - CATALOGING SOURCE
Original cataloging agency AKMAL
Transcribing agency AKMAL
041 ## - LANGUAGE CODE
Language code of text/sound track or separate title may
049 ## - LOCAL HOLDINGS (OCLC)
Holding library mal
082 04 - DEWEY DECIMAL CLASSIFICATION NUMBER
Classification number 574.1 BRA
090 ## - LOCALLY ASSIGNED LC-TYPE CALL NUMBER (OCLC); LOCAL CALL NUMBER (RLIN)
Classification number (OCLC) (R) ; Classification number, CALL (RLIN) (NR) 574.1
Local cutter number (OCLC) ; Book number/undivided call number, CALL (RLIN) BRA
090 20 - LOCALLY ASSIGNED LC-TYPE CALL NUMBER (OCLC); LOCAL CALL NUMBER (RLIN)
Classification number (OCLC) (R) ; Classification number, CALL (RLIN) (NR) 574.1
Local cutter number (OCLC) ; Book number/undivided call number, CALL (RLIN) BRA
100 1# - MAIN ENTRY--PERSONAL NAME
Personal name Bradshaw, A. D.
Fuller form of name (Anthony David)
9 (RLIN) 5022
245 1# - TITLE STATEMENT
Title Kajian dalam biologi :
Remainder of title evolusi dan pencemaran /
Statement of responsibility, etc. A. D. Bradshaw, T. McNeilly ; penterjemah, Mahani Mansor
260 ## - PUBLICATION, DISTRIBUTION, ETC.
Place of publication, distribution, etc. Kuala Lumpur :
Name of publisher, distributor, etc. Dewan Bahasa dan Pustaka,
Date of publication, distribution, etc. 1989
300 ## - PHYSICAL DESCRIPTION
Extent xi, 102ms. :
Other physical details il., gf. ;
Dimensions 22cm
440 ## - SERIES STATEMENT/ADDED ENTRY--TITLE
Title Kajian dalam biologi
9 (RLIN) 5023
500 ## - GENERAL NOTE
General note Terjemahan dari: Studies in biology no. 130: evolution and pollution. [s.l.]: Edward Arnold, 1981
504 ## - BIBLIOGRAPHY, ETC. NOTE
Bibliography, etc. note Bibliografi: ms. 99-102
650 ## - SUBJECT ADDED ENTRY--TOPICAL TERM
Topical term or geographic name entry element Evolution
9 (RLIN) 1483
650 ## - SUBJECT ADDED ENTRY--TOPICAL TERM
Topical term or geographic name entry element Pollution
General subdivision Environmental aspects
9 (RLIN) 5024
700 1# - ADDED ENTRY--PERSONAL NAME
Personal name McNeilly, T
9 (RLIN) 5025
700 0# - ADDED ENTRY--PERSONAL NAME
Personal name Mahani Mansor,
Dates associated with a name 1951-
9 (RLIN) 5026
942 ## - ADDED ENTRY ELEMENTS (KOHA)
Source of classification or shelving scheme
Koha item type Book
Holdings
Withdrawn status Lost status Source of classification or shelving scheme Damaged status Not for loan Collection code Home library Current library Date acquired Inventory number Total Checkouts Full call number Barcode Date last seen Price effective from Koha item type
          NON-FICTION AKMAL Melaka AKMAL Melaka 16.05.2017 500362   574.1 BRA 201706758 16.05.2017 16.05.2017 Book
Pusat Sumber Maklumat Dato' Haji Sarmin Md Hussin, Akademi Kastam Diraja Malaysia, Melaka
Tel: 06-2331106 | Faks: 06-2313787